| 000 | 00580nam a2200145 a 4500 | ||
|---|---|---|---|
| 090 |
_aLB _b05717 |
||
| 041 | _aspa | ||
| 100 |
_aCarrizosa Umaña, Julio _93604 |
||
| 245 | _aSabana de Bogotá y los ecosistemas relacionados en el 2007 | ||
| 260 |
_aBogotá _bFESCOL _bUniversidad de los Andes _bFundación Alejandro Escobar _bFundacion Natura Colombia _bGTZ _bCooperación Alemana al Desarrollo _bTropenbos International _bEcofondo _bWWF _c2007 |
||
| 300 | _a12 p. | ||
| 440 |
_aForo Nacional Ambiental documentos de política pública _n19 _992729 |
||
| 942 | _cIMPRESO | ||
| 945 | _d2009-12-01 | ||
| 999 |
_c7238 _d7238 |
||